000 01192nam a2200325 i 4500
003 EG-GICUC
005 20260121101530.0
008 251221s2012 ua ||||fr|||| 000 0 ara d
017 _a2011/8389
020 _a978-977-328-587-1
040 _a EG-GICUC
_bara
_c EG-GICUC
_d EG-GICUC
_erda
041 0 _aara
082 0 4 _221
_a345.31211
_bم ا . ق
092 0 4 _221
099 _aLaw1 07 345.31211 م ا . ق 2012
100 0 _aماجد راغب الحلو
_eمؤلف.
245 1 0 _aقانون حماية البيئة فى ضوء الشريعة /
_cدكتور ماجد راغب الحلو
264 1 _aالإسكندرية :
_bدار الجامعة الجديدة،
_c2012.
300 _a610 صفحة ؛
_c24 سم
_bإيضاحيات، صور، مثيليات ؛
336 _2rda content
_atext
337 _2rda media
_aComputer
338 _2rda carrier
_aOnline Resource
504 _aيشتمل على إرجاعات ببيلوجرافية.
546 _aالنص باللغة العربية
650 1 4 _aتشريعات البيئة
_2qrmak
651 1 _2qrmak
856 4 0 _uhttps://fll.law.cu.edu.eg/fulltext/bks/B07-00927.pdf
905 _a79
942 _2ddc
_cBK
_e21
_n0
999 _c52079
_d52079